000 00531nam a22001577a 4500
020 _a978-0-330-41883-6
082 _a823
_bARC/C
100 _aARCHER,JEFFREY
245 _aCAT O'NLINE TALES
250 _aFIRST
260 _aLONDON
_bPAN BOOKS
_c2007
300 _a277
520 _aThey range from a tale of 'The Man Who Robbed His Own Post Office', to the story of a company chairman who tried to poison his wife while on a trip to St Petersburg – both with unexpected consequences.
650 _aNOVEL
_zLONDON
942 _cBK
999 _c2306
_d2306